Statistiken für Die zehn Gebote

Klicken Sie hier um das Quiz zu spielen!

Allgemein

  • Dieses Quiz wurde 1,489 mal gespielt
  • Das Durchschnittsergebnis liegt bei 6 aus 10

Antwortstatistiken

# Gebot % Korrekt
6Du sollst nicht {morden}
90%
5{Ehre} deinen Vater und deine Mutter ...
89%
8Du sollst nicht {stehlen}
83%
1Du sollst neben mir keine anderen {Götter} haben
78%
10Begehre nicht deines Nächsten {Haus}
70%
7Du sollst nicht {ehebrechen}
48%
2Du sollst dir kein {Bildnis} machen ...
40%
3Du sollst den Namen des Herrn,
deines Gottes, nicht {missbrauchen} …
40%
4Gedenke des {Sabbats}. Halte ihn heilig! ...
37%
9Du sollst nicht {falsch} {Zeugnis} reden
wider deinen Nächsten
27%

Verteilung der Resultate

Perzentil nach korrekt beantworteten Fragen

Anzahl Personen mit jedem Resultat

Ihre Resultats-Entwicklung

Sie haben dieses Quiz noch nicht gespielt